000 00306nam a2200133Ia 4500
005 20251222154415.0
008 251222s9999||||xx |||||||||||||| ||spa||
082 _a821/B16
100 _aBailly, Auguste
245 0 _aMazarino
250 _a1ra.ed.
264 _bEspasa-Calpe Editores, S.A.
942 _cLIB
999 _c35822
_d35822